Astronomy & Space - Statistics

General Stats
  • This quiz has been taken 8,552 times
  • The average score is 9 of 15
Answer Stats
Hint Answer % Correct
Gravity so strong that no light can escape Black hole
95%
Earth's natural satellite Moon
95%
A shooting star entering the earth's atmosphere Meteor
85%
Nearest spiral galaxy to the Milky Way Andromeda
81%
Force of matter attraction Gravity
81%
Photo of thousands of galaxies, taken by this telescope Hubble Space Telescope
79%
Cloud where stars are born Nebula
72%
We are all made of ____ _____. Star stuff
59%
July 1969: "The _____ has landed" Eagle
57%
Black hole's point of no return Event horizon
54%
Human time capsule sent to extraterrestrials Voyager
39%
"The Big Dipper" or "The Great Bear" Ursa Major
32%
"Seven Sisters" Pleiades
20%
Location of the highest observatory in the world Atacama Desert, Chile
19%
Three celestial bodies in a straight line Syzygy
6%
No matching quizzes found
Score Distribution
Percent of People with Each Score
Percentile by Number Answered
Your Score History
You have not taken this quiz